Situácia v súčasnej bytovej výstavbe

Bibliographic Details
Main Author: Čaprnda, Milan (Author)
Format: Article
Language:Slovak
PhysicalDescription:Obr., tab.
ISSN:1335-5007
Subjects:

MARC

LEADER 00000nab a2200000 a 4500
001 vtls000786303
003 SK-MaSNL
005 20260304114926.0
008 250429c xo 0 slo
015 |a SNBRB2002/03-07420 
035 |a CLN000137960 
035 |a urn:nbn:sk:snk-abagr9 
035 |a (urnnbn)urn:nbn:sk:snk:ar-a0adek 
035 |a (uuid)55bb1d0c-7b6f-4061-a573-3de70c4b29e6 
040 |a SNKBUCL  |b slo  |c SNKBUCL  |e AACR2 
041 0 |a slo 
044 |a xo  |c SK 
080 |a 332.8(437.6)  |2 1997 
080 |a 351.778.5(437.6)  |2 1997 
100 1 |a Čaprnda, Milan  |4 aut  |9 482857 
245 1 0 |a Situácia v súčasnej bytovej výstavbe  |c Milan Čaprnda 
300 |b Obr., tab. 
504 |a Bibliogr. odkazy 
650 0 7 |a výstavba bytová  |z Slovensko  |2 snkbucl  |9 840817 
655 7 |a články z novín a časopisov  |2 snkbucl  |9 267496 
773 0 |t Projekt a stavba  |g Roč. 4 (1), č. 1 (2002), s. 10-16  |x 1335-5007 
850 |a Slovenská národná knižnica 
852 |a Slovenská národná knižnica 
954 |a odborná, vedecká literatúra pôvodná (slovenská)  |2 lita 
958 |a article14 
958 |a OND 
958 |a NB 
958 |a SK 
958 |a EUIPO 
992 |a RBX 
999 |c 2874313  |d 2876243